[Event "Mondiale Semilampo FIDE 2024"]
[Site "New York"]
[Date "28.12.2024"]
[Round "11.37"]
[White "Pichot, Alan"]
[Black "Bai, Adelard"]
[Result "1-0"]
[WhiteTitle "GM"]
[BlackTitle "IM"]
[WhiteElo "2637"]
[BlackElo "2393"]
[WhiteFideId "110973"]
[BlackFideId "16301188"]
[EventDate "26.12.2024"]

1. e4 c5 2. Nf3 Nc6 3. Bb5 Nf6 4. Bxc6 dxc6 5. d3 Qc7 6. e5 Nd5 7. c4 Nb6 8. Nc3
Bf5 9. Qe2 Rd8 10. Ne4 Qd7 11. Nxc5 Bxd3 12. Nxd7 Bxe2 13. Kxe2 Nxd7 14. e6 fxe6
15. Be3 e5 16. Rhd1 e6 17. Ng5 Ke7 18. Rd2 g6 19. Ne4 h6 20. Rad1 Bg7 21. Nc5
Nb6 22. Rxd8 Rxd8 23. Rxd8 Kxd8 24. Nxe6+ Ke7 25. Nxg7 Nxc4 26. Bxh6 Nxb2 27. h4
Nc4 28. g4 Kf7 29. h5 b5 30. hxg6+ Kxg6 31. Nf5 a5 32. Be3 Kf6 33. Kd3 a4 34.
Bc5 Kg5 35. f3 Kf4 36. Nd6 e4+ 37. fxe4 Ne5+ 38. Kd4 Nf3+ 39. Kd3 Ne5+ 40. Kc3
Nxg4 41. Bd4 Nh2 42. e5 c5 43. e6 cxd4+ 44. Kxd4 Nf3+ 45. Kc5 Ne5 46. e7 Nd7+
47. Kxb5 Nf6 48. e8=Q Nxe8 49. Nxe8 a3 50. Kb4 Ke5 51. Kxa3 Kd5 52. Kb4 Kc6 53.
a4 Kb6 54. a5+ Ka6 55. Ka4 Kb7 56. Kb5 Ka7 57. a6 Kb8 58. Kb6 Ka8 59. Nc7+ 1-0

[Event "Mondiale Semilampo FIDE 2024"]
[Site "New York"]
[Date "28.12.2024"]
[Round "11.38"]
[White "Isanzhulov, Arystan"]
[Black "Paravyan, David"]
[Result "0-1"]
[WhiteTitle "IM"]
[BlackTitle "GM"]
[WhiteElo "2395"]
[BlackElo "2620"]
[WhiteFideId "13711644"]
[BlackFideId "4194985"]
[EventDate "26.12.2024"]

1. e4 e5 2. Nf3 Nf6 3. Nc3 Nc6 4. d4 exd4 5. Nxd4 Bb4 6. Nxc6 bxc6 7. Bd3 O-O 8.
O-O d5 9. exd5 cxd5 10. h3 Bb7 11. Be3 Re8 12. a3 Bd6 13. Nb5 Be5 14. c3 a6 15.
Nd4 c5 16. Nf3 d4 17. cxd4 cxd4 18. Bd2 Bc7 19. Rc1 Qd6 20. Bb4 Qf4 21. g3 Bxf3
22. gxf4 Bxd1 23. Rfxd1 Nd5 24. Rc5 Rad8 25. Bc4 Nxb4 26. Rxc7 Nd5 27. Rb7 Ne7
28. b4 Rd6 29. a4 Kf8 30. a5 Rc8 31. Re1 Rxc4 32. Rexe7 Rf6 33. Re4 g6 34. Kg2
Kg7 35. h4 h5 36. Kg3 Rc3+ 37. f3 d3 38. Rd7 Rb3 39. Rc4 Re6 40. Rcc7 Rf6 41.
Rc4 Kh6 42. Rcd4 d2 43. Rxd2 Rxb4 44. R2d4 Rxd4 45. Rxd4 Rf5 46. Ra4 Kg7 47. Kf2
Rb5 48. Ra1 Kf6 49. Kg3 Ke6 50. Ra2 Kd6 51. Kf2 Kc6 52. Ke3 Rf5 53. Ra1 Kb5 54.
Ke4 Kb4 55. Rb1+ Kxa5 56. Ra1+ Kb6 57. Rb1+ Kc5 58. Ra1 Kb5 59. Rb1+ Kc4 60. Rb7
a5 61. Ra7 Kb3 62. Rb7+ Ka3 63. Rb8 a4 64. Rb7 Ka2 65. Ke3 a3 66. Rb8 Ka1 67.
Ke4 Rf6 68. Ke3 a2 69. Kd2 Rxf4 70. Kc2 Rxh4 71. Re8 Rc4+ 72. Kb3 Kb1 0-1

[Event "Mondiale Semilampo FIDE 2024"]
[Site "New York"]
[Date "28.12.2024"]
[Round "11.39"]
[White "Ansat, Aldiyar"]
[Black "Hong, Andrew"]
[Result "1-0"]
[WhiteTitle "IM"]
[BlackTitle "GM"]
[WhiteElo "2479"]
[BlackElo "2572"]
[WhiteFideId "13715658"]
[BlackFideId "2099438"]
[EventDate "26.12.2024"]

1. e4 e5 2. Nf3 Nc6 3. Bb5 a6 4. Ba4 d6 5. c4 Bd7 6. Nc3 Nge7 7. d4 Ng6 8. d5
Nb8 9. Be3 Be7 10. Bxd7+ Nxd7 11. O-O O-O 12. Qc2 Nh4 13. Nxh4 Bxh4 14. f3 Bg5
15. Bf2 Bh4 16. Be3 Bg5 17. Bf2 Qf6 18. b4 Qh6 19. Qd3 b6 20. a3 Bf4 21. g3 Bg5
22. Na4 f5 23. exf5 Qh3 24. c5 b5 25. Nc3 Rxf5 26. c6 Nf6 27. a4 Bh6 28. Be3 Bf4
29. Ra2 Bxg3 30. hxg3 Rh5 31. Kf2 e4 32. Qd4 exf3 33. Ke1 Qxg3+ 34. Kd1 Rh4 35.
Qd3 Rxb4 36. axb5 a5 37. b6 cxb6 38. Bd4 Qf4 39. Bxf6 Qxf6 40. Qxf3 Qe7 41. Re2
Qa7 42. Ref2 h6 43. Qf7+ Qxf7 44. Rxf7 a4 45. c7 Rc4 46. Kd2 Rc8 47. Nb5 Rc5 48.
Rd7 Rxd5+ 49. Kc3 Kh7 50. Kb4 a3 51. Na7 Re8 52. c8=Q Rxc8 53. Nxc8 a2 54. Ra7
Rd2 55. Rg1 h5 56. Raxg7+ Kh8 57. Rg8+ Kh7 58. Ne7 Rf2 59. R8g7+ Kh8 60. R7g5
Rf4+ 61. Kb3 a1=N+ 62. Rxa1 Kh7 63. Rag1 Rf3+ 64. Kc4 Kh6 65. Ng8+ 1-0

[Event "Mondiale Semilampo FIDE 2024"]
[Site "New York"]
[Date "28.12.2024"]
[Round "11.40"]
[White "Chasin, Nico"]
[Black "Lomasov, Semyon"]
[Result "1-0"]
[WhiteTitle "IM"]
[BlackTitle "GM"]
[WhiteElo "2417"]
[BlackElo "2559"]
[WhiteFideId "30908477"]
[BlackFideId "24164879"]
[EventDate "26.12.2024"]

1. Nf3 Nf6 2. g3 c5 3. Bg2 Nc6 4. O-O e5 5. c4 d5 6. cxd5 Nxd5 7. Nc3 Nc7 8. d3
Be7 9. a3 O-O 10. Rb1 Rb8 11. Be3 Be6 12. Qc1 Qd7 13. b4 cxb4 14. axb4 b5 15.
Ng5 Bxg5 16. Bxg5 Bh3 17. Bxh3 Qxh3 18. Ne4 Qd7 19. Nc5 Qd6 20. Ne4 Qg6 21. Nf6+
gxf6 22. Qxc6 Ne6 23. Be3 Rfc8 24. Qa6 Rc2 25. Qxa7 Rbc8 26. Rfe1 f5 27. Kh1 Qh5
28. Qb7 R8c7 29. Qxb5 Rxe2 30. Rxe2 Qxe2 31. Qxe5 Qxd3 32. Ra1 Rc8 33. b5 Rd8
34. b6 h5 35. h4 Qc2 36. Kh2 Kh7 37. Qf6 1-0

[Event "Mondiale Semilampo FIDE 2024"]
[Site "New York"]
[Date "28.12.2024"]
[Round "11.41"]
[White "Rakhmanov, Aleksandr"]
[Black "Adewumi, Tanitoluwa"]
[Result "1-0"]
[WhiteTitle "GM"]
[BlackTitle "FM"]
[WhiteElo "2585"]
[BlackElo "2349"]
[WhiteFideId "4173708"]
[BlackFideId "30966396"]
[EventDate "26.12.2024"]

1. d4 Nf6 2. c4 e6 3. Nc3 Bb4 4. e3 O-O 5. Nf3 c5 6. Bd3 d5 7. cxd5 cxd4 8. exd4
exd5 9. Ne5 Nc6 10. O-O Bxc3 11. bxc3 Ne4 12. Qc2 Nxe5 13. dxe5 Bf5 14. Be3 Rc8
15. Bd4 Bg6 16. Qb2 b6 17. Rfd1 Qg5 18. Bf1 Rc7 19. a4 Rfc8 20. Ba6 Rd8 21. a5
bxa5 22. Rxa5 Bh5 23. Rd3 Qg6 24. Rxd5 Rf8 25. Ra5 h6 26. h3 Qe6 27. Re3 Bg6 28.
Be2 Rd8 29. Ra6 Rc6 30. Rxc6 Qxc6 31. Bf3 a5 32. Qe2 a4 33. Bxe4 Bxe4 34. Rxe4
a3 35. f3 Qe6 36. c4 Rxd4 37. Rxd4 Qb6 38. c5 Qxc5 39. Qe3 Kh7 40. Rd3 a2 41.
Qxc5 a1=Q+ 42. Kh2 Qb1 43. Qd4 1-0

[Event "Mondiale Semilampo FIDE 2024"]
[Site "New York"]
[Date "28.12.2024"]
[Round "11.42"]
[White "Le, Tuan Minh"]
[Black "Svane, Rasmus"]
[Result "1/2-1/2"]
[WhiteTitle "GM"]
[BlackTitle "GM"]
[WhiteElo "2598"]
[BlackElo "2628"]
[WhiteFideId "12401153"]
[BlackFideId "4657101"]
[EventDate "26.12.2024"]

1. d4 Nf6 2. c4 e6 3. Nf3 d5 4. Nc3 c5 5. cxd5 cxd4 6. Qxd4 exd5 7. Bg5 Be7 8.
e3 O-O 9. Be2 h6 10. Bh4 Nc6 11. Qd3 Qb6 12. O-O Rd8 13. Rfd1 Qxb2 14. Rab1 Qa3
15. Bxf6 Bxf6 16. Nxd5 Qxd3 17. Nxf6+ gxf6 18. Rxd3 Bf5 19. Rxd8+ Nxd8 20. Rc1
Rc8 21. Rxc8 Bxc8 22. Nd4 Kf8 23. h4 Be6 24. a3 Bd7 25. Bf3 Ke7 26. Kf1 Nc6 27.
Bxc6 bxc6 28. Ke1 c5 29. Ne2 Bc6 30. f3 f5 31. Kd2 Kd6 32. Nf4 Bb5 33. Ke1 Ke5
34. Nh3 Kd5 35. Kd2 Kc4 36. Kc2 Ba4+ 37. Kb2 Kd3 38. e4 Kd2 39. Nf4 fxe4 40.
fxe4 Bc6 41. Kb3 Bxe4 42. g4 Ke3 43. Nh5 Kd3 44. Nf4+ Kd4 45. Nh5 c4+ 46. Kb2
c3+ 47. Kc1 Kc4 48. Nf6 Bd3 49. h5 Be2 50. Kc2 Kd4 51. g5 hxg5 52. h6 g4 53. Nh5
Bd3+ 54. Kb3 a5 55. a4 Be4 56. Nf6 Bf5 57. Nxg4 Be6+ 58. Ka3 Bf5 59. Kb3 Be6+
60. Ka3 Bf5 61. Kb3 f6 62. Nf2 Be6+ 63. Kc2 Kc4 64. Kc1 Bf5 65. Ng4 Kb3 66. Nxf6
Kxa4 67. h7 Bxh7 68. Nxh7 Kb3 69. Nf6 a4 70. Ne4 a3 71. Nxc3 Kxc3 72. Kb1 Kb3
73. Ka1 a2 1/2-1/2

[Event "Mondiale Semilampo FIDE 2024"]
[Site "New York"]
[Date "28.12.2024"]
[Round "11.43"]
[White "Tari, Aryan"]
[Black "Zarnicki, Pablo"]
[Result "1-0"]
[WhiteTitle "GM"]
[BlackTitle "GM"]
[WhiteElo "2629"]
[BlackElo "2514"]
[WhiteFideId "1510045"]
[BlackFideId "100137"]
[EventDate "26.12.2024"]

1. e4 e5 2. Nf3 Nf6 3. Nc3 Bb4 4. Nxe5 O-O 5. Nd3 Bxc3 6. dxc3 Nxe4 7. Be2 d5 8.
O-O c6 9. Nf4 Nd7 10. c4 dxc4 11. Bxc4 Ne5 12. Qxd8 Rxd8 13. Be2 Bf5 14. Re1 Nf6
15. c3 Nd3 16. Nxd3 Bxd3 17. Bf3 Re8 18. Be3 Be4 19. Be2 Nd5 20. Bd4 b6 21. f3
Bg6 22. Ba6 c5 23. Bb7 cxd4 24. Bxd5 Rxe1+ 25. Rxe1 Rd8 26. c4 Kf8 27. Kf2 b5
28. b3 bxc4 29. Bxc4 f6 30. f4 a5 31. g4 h6 32. f5 Bf7 33. Bxf7 Kxf7 34. Rc1 d3
35. Rc7+ Kg8 36. Ke1 h5 37. h3 hxg4 38. hxg4 Rd5 39. Kd2 Kh7 40. a4 Kh6 41. Rb7
g6 42. Rb5 Rd4 43. fxg6 Rxg4 44. Rxa5 Kxg6 45. Rb5 f5 46. a5 f4 47. Kxd3 Rg3+
48. Ke4 f3 49. Ke3 Kf6 50. a6 Rg8 51. a7 Ra8 52. Rb7 Ke5 53. b4 Kd5 54. b5 Kc5
55. b6 f2 56. Kxf2 Rf8+ 57. Ke2 1-0

[Event "Mondiale Semilampo FIDE 2024"]
[Site "New York"]
[Date "28.12.2024"]
[Round "11.44"]
[White "Madaminov, Mukhiddin"]
[Black "Ibarra Jerez, Jose Carlos"]
[Result "0-1"]
[WhiteTitle "GM"]
[BlackTitle "GM"]
[WhiteElo "2501"]
[BlackElo "2556"]
[WhiteFideId "14210703"]
[BlackFideId "2226332"]
[EventDate "26.12.2024"]

1. e4 c5 2. Nf3 Nc6 3. Bb5 e6 4. O-O Nd4 5. Nxd4 cxd4 6. c3 a6 7. Be2 Bc5 8. b4
Ba7 9. a4 Ne7 10. Na3 d5 11. Bf3 O-O 12. Bb2 d3 13. Qb1 f5 14. exd5 e5 15. c4 e4
16. Bh5 Qd6 17. c5 Qxd5 18. Qc1 f4 19. Qc3 Qg5 20. Bd1 Kh8 21. Nc4 Nf5 22. Qe5
f3 23. g3 Qg4 24. Kh1 Bb8 25. Nd6 Bxd6 26. cxd6 Be6 27. Rg1 Nh6 28. Rc1 Rf6 29.
Rc7 Nf7 30. Rxf7 Rxf7 31. a5 Re8 32. Ba4 Ref8 33. Re1 Qh3 34. Rg1 Qg4 35. Re1
Rf6 36. Rg1 Rh6 37. h4 Qh3# 0-1

[Event "Mondiale Semilampo FIDE 2024"]
[Site "New York"]
[Date "28.12.2024"]
[Round "11.45"]
[White "Tsaruk, Maksim"]
[Black "Moradiabadi, Elshan"]
[Result "1-0"]
[WhiteTitle "IM"]
[BlackTitle "GM"]
[WhiteElo "2424"]
[BlackElo "2512"]
[WhiteFideId "13511173"]
[BlackFideId "12501255"]
[EventDate "26.12.2024"]

1. e4 e5 2. Nf3 Nc6 3. Bb5 a6 4. Ba4 Bc5 5. c3 Nge7 6. d4 exd4 7. cxd4 Bb4+ 8.
Bd2 Bxd2+ 9. Qxd2 d5 10. exd5 Nxd5 11. O-O O-O 12. Bxc6 bxc6 13. Nc3 f6 14. h3
Rb8 15. Rfe1 Nxc3 16. Qxc3 Qd5 17. Re7 Bd7 18. Rae1 Rf7 19. b3 a5 20. Nd2 Rxe7
21. Rxe7 Kf8 22. Re3 Bf5 23. a4 Rd8 24. Nc4 Qxd4 25. Qxa5 Qf4 26. Re1 Be4 27.
Qb4+ Kg8 28. Qe7 1-0

[Event "Mondiale Semilampo FIDE 2024"]
[Site "New York"]
[Date "28.12.2024"]
[Round "11.46"]
[White "Karthik, Venkataraman"]
[Black "Suleymanli, Aydin"]
[Result "1-0"]
[WhiteTitle "GM"]
[BlackTitle "GM"]
[WhiteElo "2603"]
[BlackElo "2623"]
[WhiteFideId "25006479"]
[BlackFideId "13413937"]
[EventDate "26.12.2024"]

1. e4 e5 2. Nf3 Nc6 3. Bb5 Nf6 4. d3 d6 5. O-O a6 6. Bxc6+ bxc6 7. Re1 c5 8. c3
Bg4 9. Nbd2 Nd7 10. h3 Bh5 11. Nf1 Be7 12. g4 Bg6 13. Ng3 O-O 14. Nf5 Re8 15.
Kh1 Nf8 16. Rg1 Ne6 17. h4 f6 18. Qe2 a5 19. Be3 d5 20. Rad1 Bd6 21. Qf1 Nf4 22.
c4 dxe4 23. dxe4 Qd7 24. Nd2 h6 25. Nb1 Rab8 26. Rd2 Ne6 27. Nc3 Nd4 28. f3 Kh7
29. Rdg2 Bf8 30. b3 Rbd8 31. Rg3 c6 32. Qg2 Ne6 33. g5 Nf4 34. Bxf4 exf4 35. Rg4
Bxf5 36. exf5 Qxf5 37. gxh6 Kxh6 38. Rxf4 Qh5 39. Ne4 Rd4 40. Qg3 Re6 41. Rg4
Re7 42. Qb8 Re8 43. Qc7 Qf5 44. Qg3 Re7 45. Rf4 Qh5 46. Nxf6 gxf6 47. Rxf6+ Kh7
48. Qg8# 1-0

[Event "Mondiale Semilampo FIDE 2024"]
[Site "New York"]
[Date "28.12.2024"]
[Round "11.47"]
[White "Damjanovic, Vuk"]
[Black "Vokhidov, Shamsiddin"]
[Result "1/2-1/2"]
[WhiteTitle "IM"]
[BlackTitle "GM"]
[WhiteElo "2368"]
[BlackElo "2681"]
[WhiteFideId "980021"]
[BlackFideId "14204223"]
[EventDate "26.12.2024"]

1. Nf3 Nf6 2. g3 c5 3. Bg2 Nc6 4. O-O e5 5. e4 d6 6. Re1 g6 7. c3 Bg7 8. d4 exd4
9. cxd4 O-O 10. d5 Nb4 11. a3 Na6 12. e5 dxe5 13. Nxe5 Re8 14. Nc3 Ng4 15. Nxg4
Rxe1+ 16. Qxe1 Bxg4 17. Bf4 Nc7 18. Be5 Ne8 19. Bxg7 Kxg7 20. Ne4 Qxd5 21. Nf6
Qe6 22. Nxg4 Qxg4 23. Bxb7 Rd8 24. Qc3+ Qd4 25. Rc1 1/2-1/2

[Event "Mondiale Semilampo FIDE 2024"]
[Site "New York"]
[Date "28.12.2024"]
[Round "11.48"]
[White "Nogerbek, Kazybek"]
[Black "Oro, Faustino"]
[Result "1/2-1/2"]
[WhiteTitle "GM"]
[BlackTitle "IM"]
[WhiteElo "2527"]
[BlackElo "2433"]
[WhiteFideId "13710427"]
[BlackFideId "20000197"]
[EventDate "26.12.2024"]

1. d4 Nf6 2. c4 e6 3. Bf4 b6 4. a3 Bb7 5. Nc3 Bd6 6. Bxd6 cxd6 7. Nf3 d5 8. e3
O-O 9. Rc1 d6 10. cxd5 Nxd5 11. Bd3 Nd7 12. Nxd5 Bxd5 13. e4 Bb7 14. O-O Nf6 15.
Qe2 Qe7 16. Rc3 h6 17. Rfc1 Rac8 18. g3 Rxc3 19. Rxc3 Rc8 20. Rxc8+ Bxc8 21. e5
dxe5 22. dxe5 Nd7 23. Qe4 Nf8 24. Qa8 Bb7 25. Qxa7 Qd7 26. Be2 Qc6 27. Qb8 Qc1+
28. Kg2 Bxf3+ 29. Bxf3 Qxb2 30. a4 Qd4 31. Bc6 g5 32. Qd6 Qc4 33. h3 Ng6 34.
Qd8+ Kg7 35. Qxb6 Nxe5 36. Bb5 Qd5+ 37. Kf1 Qd1+ 38. Kg2 Qd5+ 39. Kf1 Qd1+ 40.
Kg2 1/2-1/2

[Event "Mondiale Semilampo FIDE 2024"]
[Site "New York"]
[Date "28.12.2024"]
[Round "11.49"]
[White "Hakobyan, Aram"]
[Black "Manafov, Vugar"]
[Result "1-0"]
[WhiteTitle "GM"]
[BlackTitle "IM"]
[WhiteElo "2625"]
[BlackElo "2431"]
[WhiteFideId "13306677"]
[BlackFideId "13410814"]
[EventDate "26.12.2024"]

1. e4 c5 2. Nf3 e6 3. d4 cxd4 4. Nxd4 a6 5. a3 Nf6 6. Nc3 Qc7 7. f4 d6 8. Qf3
Nbd7 9. g4 g6 10. g5 Nh5 11. Be3 b5 12. O-O-O Bb7 13. Qf2 Nc5 14. Bg2 Be7 15. f5
e5 16. Nde2 f6 17. h4 Rf8 18. Kb1 O-O-O 19. Nd5 Bxd5 20. Rxd5 Ng7 21. Nc3 Kb8
22. Rdd1 gxf5 23. Nd5 Qd7 24. gxf6 Nxe4 25. Bxe4 fxe4 26. Ba7+ 1-0

[Event "Mondiale Semilampo FIDE 2024"]
[Site "New York"]
[Date "28.12.2024"]
[Round "11.50"]
[White "Chirila, Ioan-Cristian"]
[Black "Hardaway, Brewington"]
[Result "1-0"]
[WhiteTitle "GM"]
[BlackTitle "IM"]
[WhiteElo "2530"]
[BlackElo "2499"]
[WhiteFideId "1211668"]
[BlackFideId "30941849"]
[EventDate "26.12.2024"]

1. d4 Nf6 2. c4 e6 3. Nf3 d5 4. Nc3 Nbd7 5. Bf4 dxc4 6. e3 b5 7. Nxb5 Bb4+ 8.
Nc3 Nd5 9. Rc1 Nxf4 10. exf4 Nb6 11. Bxc4 O-O 12. Bd3 Qf6 13. g3 Bb7 14. O-O
Rfd8 15. Ne4 Qe7 16. Qe2 h6 17. a3 Bd6 18. Rfd1 a5 19. Nc5 Bd5 20. Be4 Rab8 21.
Nd3 Qe8 22. Nfe5 Rdc8 23. Bxd5 Nxd5 24. Nc6 Ra8 25. Nde5 f6 26. Nd3 Ra6 27. Ndb4
Nxb4 28. axb4 Rxc6 29. Rxc6 axb4 30. Qe4 Qd7 31. Re1 Re8 32. Ra6 Qb5 33. Ra8
Rxa8 34. Qxa8+ Kf7 35. Qc8 Qd5 36. Qd7+ Kg6 37. Qe8+ Kh7 38. Qxe6 Qxd4 39. Qf5+
Kg8 40. Re8+ Kf7 41. Qd7+ Kg6 42. f5+ Kg5 43. Qxg7+ Kxf5 44. Qh7+ Kg4 45. Re4+ 1-0

[Event "Mondiale Semilampo FIDE 2024"]
[Site "New York"]
[Date "28.12.2024"]
[Round "11.51"]
[White "Makarian, Rudik"]
[Black "Smirnov, Mark"]
[Result "1-0"]
[WhiteTitle "IM"]
[BlackTitle "FM"]
[WhiteElo "2547"]
[BlackElo "2336"]
[WhiteFideId "44105681"]
[BlackFideId "13764594"]
[EventDate "26.12.2024"]

1. d4 Nf6 2. c4 e6 3. Nf3 d5 4. g3 Be7 5. Bg2 O-O 6. O-O dxc4 7. Qc2 a6 8. a4
Bd7 9. Qxc4 Bc6 10. Bg5 Nbd7 11. Nc3 h6 12. Bxf6 Nxf6 13. Rfd1 Bd5 14. Qd3 Bxf3
15. Bxf3 c6 16. h4 a5 17. h5 Qb6 18. e3 Rfd8 19. Qe2 Rd7 20. Rd2 Rad8 21. Rad1
Qb3 22. Rd3 Qc4 23. Qc2 e5 24. Be2 Qe6 25. dxe5 Qxe5 26. Rxd7 Rxd7 27. Rxd7 Nxd7
28. Ne4 Nf6 29. Nxf6+ Bxf6 30. b3 Kf8 31. Kg2 Ke7 32. Bf3 Qc3 33. Qd1 Qa1 34.
Qe2 Qb2 35. Qc4 Qc3 36. Qe4+ Qe5 37. Qb1 Qc5 38. Qd1 Qd6 39. Qc2 Qe5 40. Qb1 Qc5
41. Kh3 Qe5 42. Qd1 Qa1 43. Qd3 Qc3 44. Qf5 Qe5 45. Qh7 Qe6+ 46. Kg2 Qxb3 47.
Qe4+ Qe6 48. Qb1 Qd7 49. Qb6 Be5 50. Qxa5 Bd6 51. Qa8 Qc7 52. Qa7 Qb8 53. Qd4
Be5 54. Qh4+ Ke8 55. Qb4 Qc7 56. a5 Bd6 57. Qb1 Kf8 58. Qf5 Be5 59. Be2 Qxa5 60.
Qc8+ Ke7 61. Qxb7+ Qc7 62. Qb3 Kf8 63. Qc4 Qd6 64. Bf3 c5 65. Bd5 Qc7 66. Qg4
Bf6 67. Qa4 Ke7 68. Kh2 Kf8 69. Qa8+ Bd8 70. Qa6 Qe5 71. Bf3 Qf6 72. Qa8 c4 73.
Kg2 c3 74. Qc8 Ke7 75. Qc5+ Qd6 76. Qxc3 Kf8 77. Qc2 Bf6 78. Qf5 Qe6 79. Qa5 Qd7
80. Bd5 Qe7 81. Bc6 Qd6 82. Qa8+ Qd8 83. Qa3+ Qe7 84. Qb3 Qc7 85. Bd5 Qd7 86.
Qc4 Be5 87. Qb4+ Bd6 88. Qe4 Qe8 89. Qh7 Qe5 90. Qh8+ Ke7 91. Bf3 Bc5 92. Qc8
Bd6 93. Qa8 Qf5 94. Qa4 Qc5 95. Qd1 Qf5 96. Bd5 Qe5 97. e4 Bc5 98. Qb3 Bd6 99.
Qb7+ Bc7 100. Qc8 Qd6 101. f4 Bb6 102. Qc3 Kf8 103. Qc8+ Qd8 104. Qf5 Qf6 105.
Qd7 Qe7 106. Qc8+ Qd8 107. Qc4 Qc7 108. Qb3 Ba7 109. Qa2 Bb6 110. e5 Qd7 111.
Qb3 Ba7 112. Qb4+ Qe7 113. Qa5 Qd7 114. Qb4+ Qe7 115. Qe4 Qc5 116. Kh3 Qd4 117.
Qf3 Qa1 118. Qb3 Qf1+ 119. Kh4 Qe2 120. Qa3+ Kg8 121. Qxa7 1-0

[Event "Mondiale Semilampo FIDE 2024"]
[Site "New York"]
[Date "28.12.2024"]
[Round "11.52"]
[White "Lodici, Lorenzo"]
[Black "Sarana, Alexey"]
[Result "1-0"]
[WhiteTitle "GM"]
[BlackTitle "GM"]
[WhiteElo "2564"]
[BlackElo "2674"]
[WhiteFideId "884189"]
[BlackFideId "24133795"]
[EventDate "26.12.2024"]

1. e4 e5 2. Nf3 Nc6 3. Bc4 Nf6 4. d3 Be7 5. a4 O-O 6. Nc3 d6 7. Be3 Be6 8. Ng5
Bg4 9. Qd2 Nd4 10. f4 h6 11. Nxf7 Rxf7 12. Bxd4 exd4 13. Bxf7+ Kxf7 14. Ne2 c5
15. O-O Kg8 16. h3 Bd7 17. g4 Nh7 18. Ng3 Bh4 19. Kg2 Qe7 20. b3 Rf8 21. Rae1 g5
22. Re2 Bxg3 23. Kxg3 gxf4+ 24. Rxf4 Qe5 25. Rf2 Kg7 26. Kg2 Rxf4 27. Qxf4 Qxf4
28. Rxf4 Ng5 29. Kg3 Nf7 30. Rf2 Ne5 31. Rf1 Be6 32. Rf2 Bf7 33. Rf5 Bg8 34. g5
hxg5 35. Rxg5+ Kf7 36. h4 Bh7 37. h5 Kf6 38. Kf4 b6 39. Rg1 Nf7 40. a5 b5 41. a6
Nd8 42. Kg4 Ne6 43. Rf1+ Kg7 44. h6+ Kg6 45. Rf5 Nc7 46. e5 Nd5 47. Rg5+ Kxh6
48. exd6 Nf6+ 49. Kf4 Nd7 50. b4 c4 51. Rxb5 cxd3 52. cxd3 Bxd3 53. Rb7 Nf8 54.
Ke5 Bxa6 55. d7 Nxd7+ 56. Rxd7 d3 57. Rd6+ 1-0

[Event "Mondiale Semilampo FIDE 2024"]
[Site "New York"]
[Date "28.12.2024"]
[Round "11.53"]
[White "Indjic, Aleksandar"]
[Black "Rasulov, Vugar"]
[Result "1-0"]
[WhiteTitle "GM"]
[BlackTitle "GM"]
[WhiteElo "2647"]
[BlackElo "2504"]
[WhiteFideId "911925"]
[BlackFideId "13402390"]
[EventDate "26.12.2024"]

1. d4 Nf6 2. c4 e6 3. Nc3 Nc6 4. a3 g6 5. e4 d6 6. Nf3 Bg7 7. h3 O-O 8. Bg5 h6
9. Be3 Re8 10. Bd3 Nd7 11. Be2 b6 12. Qd2 e5 13. d5 Na5 14. Qc2 Qe7 15. b4 Nb7
16. g4 a5 17. O-O-O Nb8 18. Kb2 Na6 19. Qb3 f5 20. gxf5 gxf5 21. Rdg1 f4 22. Bd2
Bd7 23. Ne1 Kh7 24. Bg4 Rg8 25. Nf3 Bf6 26. Nb5 Kh8 27. Qd3 Qe8 28. Bc3 axb4 29.
axb4 Nac5 30. bxc5 Nxc5 31. Qe2 Bxb5 32. cxb5 Ra4 33. Nd2 Qa8 34. Ra1 Qa7 35.
Qc4 Rxc4 36. Rxa7 Na4+ 37. Rxa4 Rxa4 38. Kb3 Rga8 39. Nc4 Bh4 40. Rf1 Ra2 41.
Bb2 R2a7 42. Be6 Kg7 43. Rg1+ Kf6 44. Rg4 Bg5 45. h4 Rh8 46. f3 Raa8 47. Ba3
Rae8 48. hxg5+ hxg5 49. Rg2 Rh1 50. Rc2 Rb1+ 51. Nb2 Re7 52. Rh2 Kg7 53. Rh5 Rg1
54. Nc4 Kf6 55. Rh8 Rb1+ 56. Kc2 Rxb5 57. Rf8+ Kg7 58. Rd8 Kf6 59. Bd7 Rc5 60.
Bxc5 bxc5 61. Bg4 Rh7 62. Rf8+ Ke7 63. Rc8 Kf6 64. Kb3 1-0

[Event "Mondiale Semilampo FIDE 2024"]
[Site "New York"]
[Date "28.12.2024"]
[Round "11.54"]
[White "Donchenko, Alexander"]
[Black "Batsuren, Dambasuren"]
[Result "1/2-1/2"]
[WhiteTitle "GM"]
[BlackTitle "GM"]
[WhiteElo "2618"]
[BlackElo "2531"]
[WhiteFideId "24603295"]
[BlackFideId "4902920"]
[EventDate "26.12.2024"]

1. e4 c6 2. d4 d5 3. Nc3 dxe4 4. Nxe4 Nf6 5. Nxf6+ exf6 6. Be3 Bd6 7. Bd3 Bf5 8.
Ne2 O-O 9. O-O Bg6 10. c4 Nd7 11. Nf4 Qc7 12. g3 Rfe8 13. Nxg6 hxg6 14. Re1 c5
15. Bf1 cxd4 16. Bxd4 Rxe1 17. Qxe1 Ne5 18. Qe4 Rd8 19. Rd1 Bc5 20. Bxe5 fxe5
21. Rxd8+ Qxd8 22. Qxe5 b6 23. Qe2 Qe7 24. Qd2 Qd6 25. Qc2 Qe5 26. Bd3 Bd4 27.
b3 a5 28. Be4 Bc5 29. Kg2 Kf8 30. Bd5 Qd4 31. Qe2 Qf6 32. h4 Bd4 33. f4 Bc5 34.
Kh2 Qf5 35. Be4 Qe6 36. Qd3 Qd6 37. Bd5 Qf6 38. Bg2 Qd4 39. Qf3 Kg8 40. Qg4 Qg1+
41. Kh3 Qb1 42. Qe2 Qf5+ 43. Kh2 Qe6 44. Be4 Kf8 45. Qd3 Qd6 46. Bd5 Qf6 47. Qe2
Qf5 48. Bf3 Qe6 49. Qd1 Qd6 50. Bd5 Qf6 51. Bg2 Kg8 52. Qd7 Qe7 53. Qc8+ Kh7 54.
Qg4 Kg8 55. h5 gxh5 56. Qxh5 g6 57. Qg4 Qe6 58. Qd1 Kg7 59. Bh3 Qe3 60. Bg2 Qe6
61. a3 Qd6 62. Qa1+ Qd4 63. Qc1 Qd6 64. f5 gxf5 65. Qg5+ Qg6 66. Qxg6+ fxg6 67.
b4 axb4 68. axb4 Bxb4 69. Bd5 Kf6 70. Kg2 Ke5 71. Bf7 g5 72. g4 1/2-1/2

[Event "Mondiale Semilampo FIDE 2024"]
[Site "New York"]
[Date "28.12.2024"]
[Round "11.55"]
[White "Bezold, Michael"]
[Black "Blohberger, Felix"]
[Result "1/2-1/2"]
[WhiteTitle "GM"]
[BlackTitle "GM"]
[WhiteElo "2469"]
[BlackElo "2534"]
[WhiteFideId "4601718"]
[BlackFideId "1632051"]
[EventDate "26.12.2024"]

1. c4 e6 2. Nf3 d5 3. g3 Nf6 4. Bg2 Be7 5. O-O O-O 6. b3 b6 7. Bb2 Bb7 8. e3 c5
9. Qe2 Nc6 10. d3 Qc7 11. Nbd2 Rac8 12. a3 Rfd8 13. Ne1 a6 14. f4 b5 15. g4 dxc4
16. bxc4 Na5 17. g5 Ne8 18. Bc3 Bxg2 19. Qxg2 Nd6 20. Qe2 Rb8 21. Rf3 bxc4 22.
dxc4 Nb3 23. Nxb3 Rxb3 24. Qc2 Rb7 25. Rh3 Nf5 26. Qe2 Rb3 27. Qh5 h6 28. gxh6
Rxc3 29. hxg7 Kxg7 30. Qh7+ Kf6 31. Rh6+ Nxh6 32. Qxh6+ Kf5 33. Qh5+ Ke4 34.
Qf3+ Kf5 35. Qh5+ Ke4 1/2-1/2